000 00308nam a22001457a 4500
008 210607b ||||| |||| 00| 0 eng d
020 _a9780536970749
041 _aeng
080 _a311
082 _a311
100 _a55
101 _aSTA
245 _aElementary Statistics
_cLarson
942 _2udc
_cBK
999 _c58005
_d58005